[Event "USA tt"]
[Site "ICC INT"]
[Date "2008.10.22"]
[Round "9"]
[White "Burnett, Ronald"]
[Black "Mikhailuk, Slava"]
[Result "0-1"]
[WhiteElo "2369"]
[BlackElo "2436"]
[PlyCount "124"]
[EventDate "2008.10.22"]
[EventType "team"]
[EventRounds "10"]
[EventCountry "USA"]
[SourceTitle "CBM 126 Extra"]
[Source "ChessBase"]
[SourceDate "2008.11.05"]
[SourceVersion "1"]
[SourceVersionDate "2008.11.05"]
[SourceQuality "1"]

1. e4 c5 2. Nf3 Nc6 3. d4 cxd4 4. Nxd4 Nf6 5. Nc3 d6 6. Bg5 Bd7 7. Bc4 Qa5 8. Bxf6 gxf6 9. Nb3 Qg5 10. g3 f5 11. Qe2 Bg7 12. Nd5 0-0 13. f4 Qg6 14. Bb5 Kh8 15. exf5 Qxf5 16. 0-0-0 a6 17. Bc4 b5 18. g4 Qxg4 19. Rhg1 Qxe2 20. Bxe2 Bf5 21. Bf3 Rac8 22. c3 Bh6 23. Bg4 Bxg4 24. Rxg4 Rg8 25. Rh4 Rg6 26. Kb1 f5 27. Ne3 Rf8 28. Rd5 e5 29. Rh5 Ne7 30. Rd1 Bxf4 31. Nc2 Rg2 32. h3 Rfg8 33. Nb4 Rg1 34. Rxg1 Rxg1+ 35. Kc2 Rg2+ 36. Kb1 Kg7 37. Nxa6 Kg6 38. Rh4 h5 39. Nd4 Bg3 40. Nxf5 Kxf5 41. Rxh5+ Ke4 42. Rh6 Nf5 43. Rg6 Ne3 44. a4 bxa4 45. Rxd6 Nc4 46. Nc5+ Kf5 47. Rd8 Rxb2+ 48. Ka1 Rb5 49. Rf8+ Kg6 50. Ne4 Bf4 51. Rc8 Ne3 52. Rg8+ Kh6 53. Ka2 Nc4 54. Rc8 Nd2 55. Rc6+ Kh5 56. Nd6 Rd5 57. c4 Rd3 58. c5 e4 59. Nf7 e3 60. Re6 Rc3 61. c6 Nc4 62. Re4 Ra3+ 0-1

[Event "Washington State-ch"]
[Site "Seattle"]
[Date "2008.02.17"]
[Round "8"]
[White "Readey, John"]
[Black "Mikhailuk, Slava"]
[Result "0-1"]
[WhiteElo "2278"]
[BlackElo "2446"]
[PlyCount "132"]
[EventDate "2008.02.09"]
[EventType "tourn"]
[EventRounds "9"]
[EventCountry "USA"]
[SourceTitle "EXT 2017"]
[Source "ChessBase"]
[SourceDate "2016.10.25"]
[SourceVersion "1"]
[SourceVersionDate "2016.10.25"]
[SourceQuality "1"]

1. Nf3 Nf6 2. c4 g6 3. g3 Bg7 4. Bg2 0-0 5. 0-0 d5 6. cxd5 Nxd5 7. d4 Nc6 8. Nc3 Nb6 9. d5 Na5 10. e4 c6 11. Bf4 cxd5 12. exd5 Nac4 13. Qe2 Nxb2 14. Qxb2 Na4 15. Nxa4 Bxb2 16. Nxb2 Qxd5 17. Rfd1 Qb5 18. Rd2 f6 19. Nd4 Qh5 20. Nb3 Bg4 21. Bxb7 Rad8 22. Re1 e5 23. Be3 Bf3 24. Bxf3 Qxf3 25. Red1 Rxd2 26. Nxd2 Qe2 27. Ndc4 h5 28. h4 Rf7 29. Kg2 Kh7 30. Rd2 Qg4 31. Nd6 Rf8 32. Nbc4 g5 33. f3 Qe6 34. hxg5 h4 35. gxh4 e4 36. g6+ Kxg6 37. fxe4 Qg4+ 38. Kf1 Kh5 39. Rd5+ Kg6 40. Rd2 Kh7 41. Bxa7 Qf3+ 42. Ke1 Rg8 43. Bb6 Rg3 44. Be3 Rh3 45. Rf2 Rh1+ 46. Kd2 Qd1+ 47. Kc3 Qa1+ 48. Kb4 Rxh4 49. a4 Rh3 50. Bb6 Qe1+ 51. Nd2 Rh4 52. Kb5 Rh5+ 53. Kc6 Qa1 54. a5 Qa4+ 55. Kc7 Re5 56. Kd8 Re6 57. N2c4 Qc6 58. Bc7 Kg8 59. Rh2 f5 60. exf5 Rf6 61. Re2 Rf8+ 62. Re8 Rxe8+ 63. Nxe8 Qxc4 64. Nd6 Qc6 65. f6 Kf8 66. Nc8 Qe8# 0-1

[Event "Washington State-ch"]
[Site "Seattle"]
[Date "2008.02.09"]
[Round "2"]
[White "Mikhailuk, Slava"]
[Black "Sinanan, Joshua C"]
[Result "1-0"]
[WhiteElo "2446"]
[BlackElo "2183"]
[PlyCount "85"]
[EventDate "2008.02.09"]
[EventType "tourn"]
[EventRounds "9"]
[EventCountry "USA"]
[SourceTitle "EXT 2017"]
[Source "ChessBase"]
[SourceDate "2016.10.25"]
[SourceVersion "1"]
[SourceVersionDate "2016.10.25"]
[SourceQuality "1"]

1. c4 e5 2. Nc3 Nf6 3. Nf3 Nc6 4. g3 Bb4 5. Bg2 0-0 6. 0-0 Re8 7. d3 Bxc3 8. bxc3 e4 9. Nd2 exd3 10. exd3 d5 11. cxd5 Nxd5 12. Ne4 h6 13. Qb3 Nb6 14. Nc5 Rb8 15. Bf4 Nd7 16. Nxd7 Bxd7 17. d4 Na5 18. Qb4 b6 19. c4 Bf5 20. Rad1 Qd7 21. c5 Be4 22. d5 Bxg2 23. Kxg2 Rbc8 24. c6 Nxc6 25. dxc6 Qxc6+ 26. Kg1 Qe6 27. Qb3 c5 28. Qxe6 Rxe6 29. Rfe1 Rxe1+ 30. Rxe1 a6 31. Kf1 Rc6 32. Re8+ Kh7 33. Ke2 g5 34. Be3 b5 35. Kd3 c4+ 36. Kc3 f5 37. a4 bxa4 38. Re5 Kg6 39. Ra5 Rf6 40. Kxc4 f4 41. gxf4 gxf4 42. Bd4 Re6 43. h4 1-0

[Event "USA tt"]
[Site "ICC INT"]
[Date "2006.09.25"]
[Round "5"]
[White "Bonin, Jay R"]
[Black "Mikhailuk, Slava"]
[Result "1/2-1/2"]
[WhiteElo "2315"]
[BlackElo "2446"]
[PlyCount "57"]
[EventDate "2006.08.30"]
[EventType "team"]
[EventRounds "10"]
[EventCountry "USA"]
[SourceTitle "CBM 114 Extra"]
[Source "ChessBase"]
[SourceDate "2006.11.03"]
[SourceVersion "1"]
[SourceVersionDate "2006.11.03"]
[SourceQuality "1"]
[WhiteTeam "New York Knights"]
[BlackTeam "Seattle"]
[WhiteTeamCountry "USA"]
[BlackTeamCountry "USA"]

1. d4 Nf6 2. Nf3 g6 3. c4 Bg7 4. Nc3 d5 5. cxd5 Nxd5 6. e4 Nxc3 7. bxc3 c5 8. Bb5+ Nc6 9. 0-0 cxd4 10. cxd4 0-0 11. Be3 Bg4 12. Bxc6 bxc6 13. Rc1 Qa5 14. Qd2 Qxd2 15. Nxd2 Rfd8 16. Nb3 a5 17. Rxc6 a4 18. Nc5 Bxd4 19. Bxd4 Rxd4 20. f3 Rc8 21. Rxc8+ Bxc8 22. Rc1 a3 23. Nb3 Rd8 24. Rc7 Be6 25. Ra7 Bxb3 26. axb3 Rd1+ 27. Kf2 Rd2+ 28. Kg3 a2 29. b4 1/2-1/2

[Event "ICC tourney 583"]
[Site "West USA"]
[Date "2004.09.19"]
[Round "7"]
[White "Mikhailuk, Slava"]
[Black "Movsisyan, Movses"]
[Result "1-0"]
[WhiteElo "2424"]
[BlackElo "2253"]
[PlyCount "135"]
[EventDate "2004.09.19"]
[EventType "swiss (blitz)"]
[EventRounds "9"]
[EventCountry "USA"]
[SourceTitle "EXT 2006"]
[Source "ChessBase"]
[SourceDate "2005.11.24"]
[SourceVersion "1"]
[SourceVersionDate "2005.11.24"]
[SourceQuality "1"]

1. e4 e6 2. d4 d5 3. Nc3 Bb4 4. e5 c5 5. a3 Bxc3+ 6. bxc3 Ne7 7. Qg4 Nbc6 8. Qxg7 Rg8 9. Qxh7 Qc7 10. Qd3 cxd4 11. cxd4 Nxe5 12. Qb3 Nc4 13. Nf3 Bd7 14. a4 Nf5 15. h4 0-0-0 16. h5 e5 17. dxe5 Nxe5 18. Bf4 Rde8 19. Nxe5 Rxe5+ 20. Kd1 Re1+ 21. Kxe1 Qxf4 22. Rd1 Bc6 23. Qf3 Qxf3 24. gxf3 d4 25. Rh3 Re8+ 26. Kd2 Nh6 27. Bd3 Bxa4 28. Rh4 Rd8 29. Rg1 Bc6 30. Be4 Rd6 31. Rg7 Kc7 32. Rf4 a5 33. Rh7 a4 34. Kc1 b5 35. Bxc6 Kxc6 36. Kb2 b4 37. Rh8 Kd5 38. Rc8 a3+ 39. Kb3 Ra6 40. Ka2 Ke5 41. Re4+ Kd5 42. Rd8+ Kc5 43. Rexd4 Re6 44. R8d5+ Kc6 45. Rd8 Nf5 46. Rxb4 Re2 47. Kxa3 Kc7 48. Rd5 Nd6 49. Rc5+ Kd7 50. Rd4 Ke6 51. Rc6 Ke5 52. Rcxd6 Rxf2 53. R6d5+ Ke6 54. h6 Rxf3+ 55. Kb4 Rh3 56. Rd6+ Ke5 57. c3 f5 58. R4d5+ Ke4 59. Rd4+ Ke5 60. R6d5+ Ke6 61. Ra5 Rh5 62. Rc4 Kf6 63. Rc6+ Kg5 64. Rcc5 Kg4 65. Rxf5 Rxf5 66. Rxf5 Kxf5 67. h7 Ke5 68. h8Q+ 1-0

[Event "Western States op"]
[Site "Reno"]
[Date "2002.10.19"]
[Round "3"]
[White "Shamilov, Eduard"]
[Black "Mikhailuk, Slava"]
[Result "0-1"]
[WhiteElo "2157"]
[BlackElo "2442"]
[PlyCount "94"]
[EventDate "2002.10.18"]
[EventType "swiss"]
[EventRounds "6"]
[EventCountry "USA"]
[SourceTitle "EXT 2009"]
[Source "ChessBase"]
[SourceDate "2008.11.26"]
[SourceVersion "1"]
[SourceVersionDate "2008.11.26"]
[SourceQuality "1"]

1. e4 c5 2. Nf3 Nc6 3. d4 cxd4 4. Nxd4 Nf6 5. Nc3 d6 6. Bg5 Bd7 7. Qd2 Rc8 8. 0-0-0 Nxd4 9. Qxd4 Qa5 10. Bxf6 gxf6 11. Kb1 Rg8 12. Nd5 Qc5 13. Qd2 f5 14. e5 Bh6 15. f4 Kf8 16. exd6 Qxd6 17. Nf6 Qxf6 18. Qxd7 Kg7 19. Qd4 Qxd4 20. Rxd4 Rgd8 21. Rxd8 Rxd8 22. Bd3 Bxf4 23. Bxf5 Rd2 24. Be4 b6 25. c3 h6 26. h3 Kf6 27. Re1 e5 28. Bf3 Rf2 29. Re2 Rf1+ 30. Kc2 Kg5 31. Bd5 f5 32. c4 e4 33. b4 h5 34. Kb3 Rd1 35. Kc2 Rd3 36. Be6 Kf6 37. Bd5 h4 38. Bb7 Rd4 39. Kb3 Bd2 40. a3 e3 41. Bf3 Ke5 42. c5 bxc5 43. bxc5 a5 44. c6 a4+ 45. Kc2 Rc4+ 46. Kb2 f4 47. Kb1 Kd4 0-1

[Event "World op 30th"]
[Site "Philadelphia"]
[Date "2002.06.29"]
[Round "1"]
[White "Mikhailuk, Slava"]
[Black "Rouleau, John S"]
[Result "0-1"]
[WhiteElo "2440"]
[BlackElo "2158"]
[PlyCount "78"]
[EventDate "2002.06.29"]
[EventType "swiss"]
[EventRounds "9"]
[EventCountry "USA"]
[SourceTitle "CBM 089 Extra"]
[Source "ChessBase"]
[SourceDate "2002.09.10"]
[SourceVersion "2"]
[SourceVersionDate "2002.09.10"]
[SourceQuality "1"]

1. Nf3 d6 2. d4 Bg4 3. e4 Nf6 4. Nc3 e6 5. h3 Bh5 6. Bg5 Be7 7. Qd3 c6 8. 0-0-0 d5 9. exd5 Nxd5 10. Bxe7 Qxe7 11. Nxd5 cxd5 12. g4 Bg6 13. Qb5+ Nc6 14. Ne5 0-0 15. Nxg6 hxg6 16. Kb1 Qf6 17. Qd3 Qxf2 18. h4 Nb4 19. Qb3 Rac8 20. Bd3 Nxd3 21. Qxd3 Qf4 22. g5 Qe4 23. Qxe4 dxe4 24. Rde1 f5 25. gxf6 gxf6 26. Rxe4 Kf7 27. c3 Rh8 28. Rhe1 Rce8 29. Kc2 f5 30. Re5 Rxh4 31. a4 Rhh8 32. a5 g5 33. d5 exd5 34. Rxf5+ Kg6 35. Ref1 Rh2+ 36. Kd3 Ree2 37. Kd4 Rxb2 38. Rf6+ Kh5 39. Rf7 Rbc2 0-1